00525nam a2200145Ia 4500008004100000020002200041041000800063082002400071100002200095245002700117260003700144300000900181999001900190952017000209230411s9999 xx 000 0 und d a978-93-5465-461-9 aeng aF/610.73/CLE/B09851 aClement I9119826 aNursing Foundation - I bJaypee BrothersaNew Delhic2022 a572p c158697d158697 001040738FaBTINbBTINd2022-12-17ePatil Medical Book Houseg950.00i7413oF 610.73 CLE B09851pBTIN-BK-9851r2023-04-11 00:00:00v646.00w2022-12-15yBKzB09851